| 000 | 00702nam a2200217 a 4500 | ||
|---|---|---|---|
| 003 | MX-MxUPN | ||
| 005 | 20241001063858.0 | ||
| 008 | 991125s1939 ec r 000 0 spa d | ||
| 035 | _aUPN01000031066 | ||
| 040 |
_aMX-MxUPN _bspa _cMX-MxUPN |
||
| 041 | 0 | _aspa | |
| 050 | 4 |
_aL307 _bA2 1939 |
|
| 110 | 1 |
_aEcuador. _bMinisterio de Educación |
|
| 245 | 1 | 0 | _aInforme del Ministro de Educación 1939 |
| 260 |
_aQuito : _bMinisterio de Educación, _c1939. |
||
| 300 | _a96, 256 páginas | ||
| 610 | 1 | 4 |
_aEcuador. _bMinisterio de Educación _vInformes _914636 |
| 650 | 4 |
_aEducación _zEcuador _99711 |
|
| 710 | 2 |
_aInstituto Nacional de Pedagogía (México) _epropietario anterior _928088 |
|
| 942 |
_2lcc _cLIBRO |
||
| 999 |
_c31066 _d31066 |
||